Statistics for Crazy Ex-Girlfriend Songs to Season

Click here to take the quiz!

General Stats

  • This quiz has been taken 86 times
    (73 since last reset)
  • The average score is 39 of 48

Answer Stats

QuestionTileSelect% Correct
Songs From Season 1I Go To The ZooNo
100%
Songs From Season 1Lets Generalize About MenNo
98%
Songs From Season 1Remember That We SufferedNo
98%
Songs From Season 1Settle For Me (Original)Yes
98%
Songs From Season 4West Covina (Original)No
97%
Songs From Season 1I Have FriendsYes
95%
Songs From Season 1Maybe This DreamNo
95%
Songs From Season 4Put Yourself FirstNo
95%
Songs From Season 3The Sexy Getting Ready SongNo
95%
Songs From Season 3California ChristmastimeNo
92%
Songs From Season 3I Gave You a UTINo
92%
Songs From Season 1It Was A Shit ShowNo
92%
Songs From Season 3TextmergencyNo
92%
Songs From Season 4We Tapped That AssNo
92%
Songs From Season 2Women Gotta Stick TogetherNo
92%
Songs From Season 4The Moment Is MeNo
88%
Songs From Season 1Face Your Fears (Original)Yes
87%
Songs From Season 2I Give Good ParentNo
87%
Songs From Season 2Sex With A StrangerNo
87%
Songs From Season 3Duh!No
83%
Songs From Season 2Love KernelsYes
83%
Songs From Season 4Anti-Depressants Are So Not A Big DealYes
82%
Songs From Season 1Greg's Drinking SongNo
82%
Songs From Season 2His Status Is... PreferredNo
82%
Songs From Season 4Sports AnalogiesYes
82%
Songs From Season 3Strip Away My ConscienceYes
82%
Songs From Season 3A DiagnosisYes
80%
Songs From Season 2JAP Battle (Original)No
80%
Songs From Season 3Without Love You Can Save The WorldYes
78%
Songs From Season 2Group HangNo
77%
Songs From Season 4Hello, Nice To Meet YouYes
77%
Songs From Season 1You Stupid BitchYes
77%
Songs From Season 4Apple ManYes
75%
Songs From Season 1Gettin BiYes
75%
Songs From Season 4I Want To Be A Child StarYes
75%
Songs From Season 4The CringeYes
75%
Songs From Season 2What A Rush To Be A BrideYes
73%
Songs From Season 2Ping Pong GirlYes
72%
Songs From Season 3Buzzing From The BathroomYes
68%
Songs From Season 1Heavy BoobsYes
68%
Songs From Season 4This Session Is Going To Be DifferentNo
67%
Songs From Season 3Miracle of BirthYes
65%
Songs From Season 2FriendtopiaYes
63%
Songs From Season 4Buttload Of CatsNo
62%
Songs From Season 2Research Me Obsessively (Original)Yes
60%
Songs From Season 2So MaternalYes
60%
Songs From Season 3Stuck In The BathroomNo
58%
Songs From Season 3Back In ActionYes
40%

Score Distribution

Percentile by Number Answered

Percent of People with Each Score

Your Score History

You have not taken this quiz since the last reset